<?xml version="1.0" encoding="UTF-8"?>
<record
    xmlns:xsi="http://www.w3.org/2001/XMLSchema-instance"
    xsi:schemaLocation="http://www.loc.gov/MARC21/slim http://www.loc.gov/standards/marcxml/schema/MARC21slim.xsd"
    xmlns="http://www.loc.gov/MARC21/slim">

  <leader>01522nam a2200337 a 4500</leader>
  <controlfield tag="001">000024206</controlfield>
  <controlfield tag="003">DO-SdBNP</controlfield>
  <controlfield tag="005">20251029134809.0</controlfield>
  <controlfield tag="008">110120s1970    ve      r     000 e spa d</controlfield>
  <datafield tag="040" ind1=" " ind2=" ">
    <subfield code="a">DO-SdBNP</subfield>
    <subfield code="b">spa</subfield>
    <subfield code="c">BNPHU</subfield>
  </datafield>
  <datafield tag="041" ind1="1" ind2="7">
    <subfield code="a">gem</subfield>
    <subfield code="h">spa</subfield>
    <subfield code="2">C&#xF3;digo de idioma MARC</subfield>
  </datafield>
  <datafield tag="049" ind1=" " ind2=" ">
    <subfield code="a">BNGR</subfield>
  </datafield>
  <datafield tag="082" ind1=" " ind2="4">
    <subfield code="a">305.55</subfield>
    <subfield code="b">P742i</subfield>
    <subfield code="2">22</subfield>
  </datafield>
  <datafield tag="245" ind1="0" ind2="0">
    <subfield code="a">Poder e impotencia de los intelectuales :</subfield>
    <subfield code="b">ensayos /</subfield>
    <subfield code="c">Kurt Hoffman...[et al.];Versi&#xF3;n castellana, Willy Kemp.</subfield>
  </datafield>
  <datafield tag="260" ind1=" " ind2=" ">
    <subfield code="a">Caracas, (Venezuela) :</subfield>
    <subfield code="b">Monte Avila Editores,</subfield>
    <subfield code="c">1970.</subfield>
  </datafield>
  <datafield tag="300" ind1=" " ind2=" ">
    <subfield code="a">196 p. ;</subfield>
    <subfield code="c">20 cm.</subfield>
  </datafield>
  <datafield tag="490" ind1="1" ind2=" ">
    <subfield code="a">Prisma</subfield>
  </datafield>
  <datafield tag="505" ind1="0" ind2=" ">
    <subfield code="t">La aparici&#xF3;n de los intelectuales en la historia /</subfield>
    <subfield code="r">Golo Mann</subfield>
    <subfield code="t">Las criaturas que preocupan a la iglesia /</subfield>
    <subfield code="r">Walter Dirks</subfield>
    <subfield code="t">Los ide&#xF3;logos de la revoluci&#xF3;n /</subfield>
    <subfield code="r">Walter Laqueur</subfield>
    <subfield code="t">Impotencia y poder de los intelectuales en el mundo socialista /</subfield>
    <subfield code="r">Ernst Fischer</subfield>
    <subfield code="t">El engagement de Jean-Paul Sartre /</subfield>
    <subfield code="r">Jean Amery</subfield>
    <subfield code="t">High Brown y cabezas de huevo /</subfield>
    <subfield code="r">Anthony Hartley</subfield>
    <subfield code="t">Los intelectuales de Am&#xE9;rica /</subfield>
    <subfield code="r">Herbert Von Borch</subfield>
    <subfield code="t">Los intelectuales y los tab&#xFA;es / Carl Amery</subfield>
    <subfield code="r">Carl Amery</subfield>
    <subfield code="t">Los autores de este libro</subfield>
  </datafield>
  <datafield tag="650" ind1=" " ind2="4">
    <subfield code="a">Intelectuales</subfield>
    <subfield code="x">Aspectos sociales</subfield>
    <subfield code="9">43821</subfield>
  </datafield>
  <datafield tag="650" ind1=" " ind2="0">
    <subfield code="a">Vida intelectual</subfield>
    <subfield code="9">333</subfield>
  </datafield>
  <datafield tag="700" ind1="1" ind2=" ">
    <subfield code="a">Walter Dirks</subfield>
    <subfield code="9">49714</subfield>
  </datafield>
  <datafield tag="700" ind1="1" ind2=" ">
    <subfield code="a">Walter Laqueur</subfield>
    <subfield code="9">49715</subfield>
  </datafield>
  <datafield tag="700" ind1="1" ind2=" ">
    <subfield code="a">Ernst Fischer</subfield>
    <subfield code="9">49716</subfield>
  </datafield>
  <datafield tag="700" ind1="1" ind2=" ">
    <subfield code="a">Jean Amery</subfield>
    <subfield code="9">49717</subfield>
  </datafield>
  <datafield tag="700" ind1="1" ind2=" ">
    <subfield code="a">Anthony Hartley</subfield>
    <subfield code="9">49718</subfield>
  </datafield>
  <datafield tag="700" ind1="1" ind2=" ">
    <subfield code="a">Herbert Von Borch</subfield>
    <subfield code="9">49719</subfield>
  </datafield>
  <datafield tag="700" ind1="1" ind2=" ">
    <subfield code="a">Carl Amery</subfield>
    <subfield code="9">49720</subfield>
  </datafield>
  <datafield tag="700" ind1="1" ind2=" ">
    <subfield code="a">Kemp, Willy</subfield>
    <subfield code="9">43830</subfield>
  </datafield>
  <datafield tag="830" ind1=" " ind2="0">
    <subfield code="a">Prisma</subfield>
    <subfield code="9">3770</subfield>
  </datafield>
  <datafield tag="942" ind1=" " ind2=" ">
    <subfield code="2">ddc</subfield>
    <subfield code="c">LBS1</subfield>
  </datafield>
  <datafield tag="952" ind1=" " ind2=" ">
    <subfield code="0">0</subfield>
    <subfield code="1">0</subfield>
    <subfield code="5">4</subfield>
    <subfield code="7">0</subfield>
    <subfield code="8">MO</subfield>
    <subfield code="a">GR</subfield>
    <subfield code="b">GR</subfield>
    <subfield code="c">CT</subfield>
    <subfield code="d">2011-01-20</subfield>
    <subfield code="i">LF1</subfield>
    <subfield code="l">0</subfield>
    <subfield code="o">305.55 P742i</subfield>
    <subfield code="p">24206-10</subfield>
    <subfield code="r">2020-06-25</subfield>
    <subfield code="w">2020-06-25</subfield>
    <subfield code="y">4</subfield>
    <subfield code="Z">Pr&#xE9;stamo en sala</subfield>
  </datafield>
  <datafield tag="999" ind1=" " ind2=" ">
    <subfield code="c">23700</subfield>
    <subfield code="d">23700</subfield>
  </datafield>
</record>
